[Event "XIII Gdansk Open"]
[Site "Gdansk POL"]
[Date "2011.07.18"]
[Round "3.9"]
[White "Budrewicz,K"]
[Black "Kanarkiewicz,M"]
[Result "1-0"]
[WhiteElo "2194"]
[BlackElo "1924"]

1.d4 Nf6 2.Bg5 Ne4 3.Bf4 c5 4.f3 Qa5+ 5.c3 Nf6 6.d5 d6 7.e4 g6 8.Nd2 Nbd7
9.Nh3 Bg7 10.Be2 O-O 11.O-O Ne5 12.Nf2 Qc7 13.Be3 h5 14.h3 a6 15.a4 Rb8 16.a5 Re8
17.b4 e6 18.f4 Ned7 19.dxe6 fxe6 20.Rc1 d5 21.e5 d4 22.cxd4 Nd5 23.Qb3 b6
24.Bf3 Nxe3 25.Qxe3 cxd4 26.Qd3 Qd8 27.Qxg6 Nf8 28.Qxh5 bxa5 29.bxa5 Bd7
30.Nde4 Qxa5 31.Ra1 Qd8 32.Ng4 Nh7 33.Nef6+ Bxf6 34.exf6  1-0

[Event "III Corporation Cup A"]
[Site "Izhevsk RUS"]
[Date "2011.07.18"]
[Round "4"]
[White "Kalmachevskikh,V"]
[Black "Tsvetkov,Pavel"]
[Result "0-1"]
[WhiteElo "2293"]
[BlackElo "2062"]

1.d4 Nf6 2.Bg5 Ne4 3.Bf4 c5 4.f3 Qa5+ 5.c3 Nf6 6.d5 Qb6 7.b3 e6 8.e4 exd5
9.exd5 Bd6 10.Bg5 O-O 11.Bxf6 Re8+ 12.Be2 gxf6 13.Nd2 Be5 14.Rc1 f5 15.Nh3 Qg6
16.f4 Bf6 17.O-O Re3 18.Rf3 Rxf3 19.Bxf3 b5 20.Qe2 Na6 21.Qxb5 Rb8 22.Qe2 Nc7
23.Qe3 d6 24.b4 Bb7 25.Qd3 Ba6 26.Qc2 Nb5 27.c4 Nd4 28.Qd1 Nxf3+ 29.Nxf3 Rxb4
30.Nhg5 Bxg5 31.Nxg5 h6 32.Nf3 Rxc4 33.Rb1 Rxf4 34.Rb8+ Kg7 35.Qa1+ f6 36.Qe1 h5
37.Qe7+ Qf7 38.Qxd6 Ra4 39.Rd8 Bb5 40.Qxc5 a6 41.Nd4 Rxd4 42.Qxd4 Qe7 43.Kf2 Qxd8
44.a4 Bc6 45.d6 Qe8 46.Qa7+ Qd7 47.Qxa6 Qxd6 48.Qe2 Qd4+ 49.Kf1 Qf4+ 50.Kg1 Qe4
51.Qd2 Bxa4 52.h3 Bc6  0-1

[Event "Open NK"]
[Site "Dieren NED"]
[Date "2011.07.21"]
[Round "3"]
[White "Wilgenhof, Otto"]
[Black "Van Meegen, Ruud"]
[Result "1-0"]
[WhiteElo "2210"]
[BlackElo "1947"]

1.d4 Nf6 2.Bg5 Ne4 3.Bh4 g5 4.f3 gxh4 5.fxe4 c5 6.e3 Bh6 7.Kf2 Qb6 8.Nc3 Qxb2
9.Nd5 Nc6 10.Rb1 Qa3 11.Rb3 Qa5 12.Rb5 Qd8 13.Rxc5 d6 14.Rb5 e6 15.Qh5 Bg7
16.Nf4 a6 17.Rb3 Qf6 18.Nf3 Bh6 19.e5 dxe5 20.dxe5 Qg7 21.Qxh4 Bxf4 22.Qxf4 b5
23.a4 bxa4 24.Qxa4 Bd7 25.Bb5 Rc8 26.Qxa6 O-O 27.Bd3 Nxe5 28.Nxe5 Qxe5 29.Qa1 Qg5
30.h4 Qd5 31.Qf6 e5 32.Rd1 Qe6 33.Qxe6 Bxe6 34.Rb5 f6 35.Rb6 Rfe8 36.Rc1 Rc3
37.Ke2 Re7 38.Kd2 Rc5 39.c4 h6 40.Kc3 Kf7 41.Kb4 Rcc7 42.c5 Bc8 43.Rf1 e4
44.Rfxf6+ Kg7 45.Bc4 Re5 46.Rg6+  1-0

[Event "98th ch-GBR"]
[Site "Sheffield ENG"]
[Date "2011.07.24"]
[Round "1.6"]
[White "Constantinou,Pe"]
[Black "Gordon,S"]
[Result "0-1"]
[WhiteElo "2292"]
[BlackElo "2533"]

1.d4 Nf6 2.Bg5 Ne4 3.Bf4 d5 4.e3 c5 5.Bd3 Nf6 6.c3 Nc6 7.Nd2 Bg4 8.Ngf3 cxd4
9.exd4 e6 10.Qa4 Nd7 11.Bb5 Qc8 12.Ne5 Ndxe5 13.Bxe5 a6 14.Bxc6+ Qxc6 15.Qxc6+ bxc6
16.Nb3 f6 17.Bg3 h5 18.f3 Bf5 19.O-O-O g5 20.Nc5 h4 21.Bf2 g4 22.Rde1 Bxc5
23.fxg4 Be4 24.dxc5 h3 25.Rhg1 hxg2 26.Bg3 Rg8 27.h3 Rh8 28.h4 Rg8 29.g5 fxg5
30.hxg5 Rxg5 31.Bf4 Rg4 32.Bd6 Kf7 33.Kd2 Rh8 34.Ke2 Rh5 35.Ke3 e5 36.Kf2 Rf5+
37.Ke3 Rg3+ 38.Ke2 Ke6 39.a3 Rg4 40.Kd2 Rf2+ 41.Re2 Rgf4 42.Ke3 Rxe2+  0-1

[Event "15th Godesburg Open"]
[Site "Bad Godesberg GER"]
[Date "2011.07.25"]
[Round "3.13"]
[White "Winterberg,L"]
[Black "Begri,Felix"]
[Result "1-0"]
[WhiteElo "2172"]
[BlackElo "1869"]

1.d4 Nf6 2.Bg5 Ne4 3.Bf4 g5 4.Bc1 g4 5.e3 d5 6.Nd2 Nxd2 7.Bxd2 Bg7 8.Bd3 c5
9.c3 cxd4 10.cxd4 Nc6 11.Ne2 Qd6 12.Ng3 h5 13.Bc3 h4 14.Nf5 Bxf5 15.Bxf5 g3
16.hxg3 hxg3 17.Rxh8+ Bxh8 18.f4 Qh6 19.Qf3 Qh1+ 20.Qf1 Qh5 21.Bh3 e6 22.Rc1 a6
23.a4 Rc8 24.Kd2 Bf6 25.b4 Be7 26.Rb1 Qg6 27.b5 Na5 28.f5 Qh5 29.Bxa5  1-0

[Event "COQ Invitational"]
[Site "Montreal CAN"]
[Date "2011.07.26"]
[Round "5"]
[White "Cheng,Bi"]
[Black "Kleinman,Michael"]
[Result "1/2-1/2"]
[WhiteElo "2385"]
[BlackElo "2221"]

1.d4 Nf6 2.Bg5 Ne4 3.Bf4 c5 4.f3 Qa5+ 5.c3 Nf6 6.d5 e6 7.e4 d6 8.Na3 exd5
9.exd5 Be7 10.Nc4 Qd8 11.Qa4+ Bd7 12.Qb3 Qc7 13.Rd1 b5 14.Na3 a6 15.Ne2 Bf5
16.c4 bxc4 17.Nxc4 Nbd7 18.Qe3 Kd8 19.Ng3 Bg6 20.Qa3 a5 21.h4 h6 22.h5 Bh7
23.Kf2 Nb6 24.Ne3 Qd7 25.Qb3 Rb8 26.Qa3 Qa4 27.Qxa4 Nxa4 28.b3 Nc3 29.Rd2 a4
30.Bc4 Nb1 31.Re2 Nc3 32.Ree1 a3 33.Ngf5 Bxf5 34.Nxf5 Nfxd5 35.Bd2 Bf6 36.Nxd6 Kd7
37.Bxd5 Nxd5 38.Nc4 Bd4+ 39.Kg3 Kc6 40.Re2 Rhe8 41.Rhe1 Rxe2 42.Rxe2 Bb2
43.Be1 Nf6 44.Kh4 Re8 45.Rxe8 Nxe8 46.g4 Nc7 47.Kg3 Kd5 48.Kf2 Ne6 49.Bd2 Nd4
50.Na5 Nc2 51.Ke2 Nb4 52.Bxb4 cxb4 53.Ke3 g6 54.Nc4 gxh5 55.gxh5 Bf6 56.f4 Bg7
57.Kd3 Bd4 58.Nd2 Bb6 59.Ne4 Bc7 60.Ke3 Bb6+  1/2-1/2

[Event "98th ch-GBR"]
[Site "Sheffield ENG"]
[Date "2011.07.26"]
[Round "2.9"]
[White "Pert,R"]
[Black "Britton,R"]
[Result "1-0"]
[WhiteElo "2459"]
[BlackElo "2203"]

1.d4 Nf6 2.Bg5 Ne4 3.Bf4 d5 4.e3 c5 5.Bd3 Nf6 6.Nf3 Nc6 7.h3 e6 8.O-O Bd6
9.dxc5 Bxc5 10.Nbd2 Nb4 11.Be2 O-O 12.a3 Nc6 13.c4 a5 14.Rc1 Qe7 15.cxd5 exd5
16.Nb3 Bb6 17.Nbd4 Bd7 18.Nb5 Rfc8 19.Nd6 Rcb8 20.Nb5 Rc8 21.Bd6 Qe8 22.Bc5 Bxc5
23.Rxc5 Qe7 24.Rc1 Be6 25.Qa4 Ne4 26.Nbd4 Bd7 27.Rfd1 h6 28.Qb3 Be6 29.Qb6 Rab8
30.Bd3 Nf6 31.Rc3 Nxd4 32.Qxd4 Rxc3 33.Qxc3 b6 34.Qc6 Qd8 35.Nd4 Bd7 36.Qd6 Qf8
37.Qc7 Qc8 38.Rc1 Qxc7 39.Rxc7 Kf8 40.Bf5 Be8 41.f3 g6 42.Bd3 Ng8 43.Bxg6  1-0

[Event "Sparkassen Open A"]
[Site "Dortmund GER"]
[Date "2011.07.28"]
[Round "6.18"]
[White "Eigemann,Frederik"]
[Black "Kropp,Andreas Juergen"]
[Result "1/2-1/2"]
[WhiteElo "1976"]
[BlackElo "2126"]

1.d4 Nf6 2.Bg5 Ne4 3.Bf4 c5 4.f3 Qa5+ 5.c3 Nf6 6.Nd2 cxd4 7.Nb3 Qf5 8.Bxb8 Rxb8
9.Qxd4 b6 10.e4 Qf4 11.Nh3 Qc7 12.e5 Ng8 13.Nd2 f6 14.f4 g6 15.exf6 Nxf6
16.Be2 Bg7 17.O-O Qc5 18.Nb3 Qxd4+ 19.Nxd4 Nd5 20.Nc2 e6 21.a4 Ne7 22.Nf2 O-O
23.Nd3 Nc6 24.Rfd1 Ba6 25.Nc1 Bxe2 26.Nxe2 Rfd8 27.Rd3 Kf7 28.Ne3 Bf8 29.Rad1 Rb7
30.Kf2 Rc7 31.g4 Bc5 32.b4 Bxe3+ 33.Rxe3 Ne7  1/2-1/2

[Event "II Grafica Yael GM"]
[Site "Torre Blanca ARG"]
[Date "2011.07.28"]
[Round "6"]
[White "Del Rey,D"]
[Black "Mayorga,N"]
[Result "0-1"]
[WhiteElo "2377"]
[BlackElo "2330"]

1.d4 Nf6 2.Bg5 Ne4 3.Bf4 c5 4.f3 Qa5+ 5.c3 Nf6 6.Nd2 cxd4 7.Nc4 Qd8 8.cxd4 b5
9.Na3 a6 10.e4 e6 11.Qd2 Nc6 12.Nc2 d5 13.e5 Nd7 14.Bg5 Qa5 15.Qxa5 Nxa5
16.b3 f6 17.Bd2 Nc6 18.f4 Nb6 19.Nf3 Bd7 20.Bd3 Be7 21.a3 O-O 22.Nb4 a5 23.Nxc6 Bxc6
24.Ke2 a4 25.Rhc1 Rfc8 26.b4 Nc4 27.Rc3 Be8 28.g4 Ra6 29.Be1 Rac6 30.Bxc4 Rxc4
31.Rac1 Bg6 32.Rxc4 dxc4 33.Ke3 Bd8 34.Bc3 h5 35.h3 Kf7 36.g5 Bf5 37.h4 Bb6
38.gxf6 gxf6 39.exf6 Kxf6 40.Ne5 Rc7 41.Rg1 Rg7 42.Rg5 Bg4 43.Ke4 Bf5+ 44.Kf3 Bc2
45.Nxc4 Rc7 46.d5+ Kf7 47.dxe6+ Kxe6 48.Re5+ Kf7 49.Nd6+ Kg6 50.Rg5+ Kh6
51.Be5 Rd7 52.Nxb5 Bd8 53.Rg2 Bd1+ 54.Ke3 Bxh4 55.Nd4 Bg4 56.Rg1 Bd8 57.Ke4 Bb6
58.Nf5+ Kg6 59.Nd6 Bd8 60.f5+ Kg5 61.Bf4+ Kf6 62.Be5+ Kg5 63.Rf1 Bh3 64.Rc1 Bg2+
65.Kd3 h4 66.Rc8 h3 67.Ke2 Re7 68.Rxd8 Rxe5+ 69.Kf2 Rd5 70.Kg3 Rd3+ 71.Kh2 Kf4
72.f6 Rd1  0-1

[Event "Politiken Cup"]
[Site "Helsingor DEN"]
[Date "2011.08.03"]
[Round "6.8"]
[White "Fridman,D"]
[Black "Arnold,Mar"]
[Result "1/2-1/2"]
[WhiteElo "2659"]
[BlackElo "2445"]

1.d4 Nf6 2.Bg5 Ne4 3.Bf4 d5 4.e3 e6 5.Bd3 Bd6 6.Ne2 Nf6 7.O-O Nc6 8.Bxd6 Qxd6
9.f4 Nb4 10.Nbc3 O-O 11.Ng3 c5 12.Nb5 Qe7 13.dxc5 Qxc5 14.Nd4 Nc6 15.c3 Qe7
16.Nh5 Nxh5 17.Qxh5 g6 18.Qh6 Re8 19.Nf3 Qf8 20.Qh4 Qe7 21.Qf2 Bd7 22.e4 dxe4
23.Bxe4 b6 24.Rad1 Rac8 25.Rd2 Red8 26.Rfd1 Be8 27.Bxc6 Rxd2 28.Rxd2 Bxc6
29.Ne5 Bd5 30.Qd4 f6 31.Ng4 Kf7 32.Ne3 Bxa2 33.h3 Bd5 34.Nxd5 exd5 35.Qxd5+ Kf8
36.Kh2 Rc7 37.Qa8+ Kg7 38.Rd8 Qf7 39.Qe4 Re7 40.Qc6 Rc7 41.Qd6 Qe7 42.Qd4 Qf7
43.Ra8 Qd7 44.Qe4 Qe7 45.Qd5 Qf7 46.Qd8 Qe7 47.Qg8+ Kh6 48.Rd8 Qf7 49.g4 Qxg8
50.Rxg8 Rd7 51.Rf8 Rd2+ 52.Kg3 Kg7 53.Rb8 Rxb2 54.Rb7+ Kg8 55.Rxa7 b5 56.Ra8+ Kg7
57.Ra7+ Kg8  1/2-1/2

[Event "Politiken Cup"]
[Site "Helsingor DEN"]
[Date "2011.08.05"]
[Round "8.98"]
[White "Hoel,J"]
[Black "Petersen,Nil"]
[Result "0-1"]
[WhiteElo "1851"]
[BlackElo "2051"]

1.d4 Nf6 2.Bg5 Ne4 3.Bf4 d5 4.f3 Nf6 5.e4 e6 6.e5 Nfd7 7.Be3 c5 8.c3 Qb6
9.Qd2 Nc6 10.f4 g6 11.Nf3 cxd4 12.cxd4 Na5 13.Nc3 a6 14.Bd3 Qc7 15.O-O b5
16.Rac1 Qb6 17.g4 h5 18.h3 Bb7 19.f5 gxf5 20.gxf5 Nc4 21.Bxc4 dxc4 22.f6 Rd8
23.Qf2 Bh6 24.Bxh6 Rxh6 25.Ng5 Rg6 26.h4 b4 27.Ne2 Qc6 28.Kh2 Nxe5 29.dxe5 Rd2
30.Rfd1 Rxb2 31.Rd6 Qb5 32.Rcd1 Qxe5+ 33.Kg1 Bd5 34.R1xd5 exd5 35.Qb6 Rxg5+
36.hxg5 Qxg5+ 37.Kh1 Qh4+ 38.Kg1 Qe1+ 39.Kg2 Rxe2+ 40.Kh3 Re3+ 41.Kg2 Qg3+
42.Kh1 Re1+ 43.Qg1 Rxg1+  0-1

[Event "8th Ostroda IM"]
[Site "Ostroda POL"]
[Date "2011.08.05"]
[Round "2.3"]
[White "Bednarek,S"]
[Black "Bodenez,V"]
[Result "1/2-1/2"]
[WhiteElo "2333"]
[BlackElo "2210"]

1.d4 Nf6 2.Bg5 Ne4 3.Bh4 c5 4.f3 Nf6 5.c3 Qb6 6.Qd2 d5 7.e3 Nbd7 8.g4 g6
9.Bg3 Bg7 10.b4 cxb4 11.cxb4 O-O 12.Nc3 Qxb4 13.Rb1 Qa5 14.Nb5 Qxd2+ 15.Kxd2 Ne8
16.Rc1 a6 17.Nc7 Nxc7 18.Rxc7 e5  1/2-1/2

[Event "Politiken Cup"]
[Site "Helsingor DEN"]
[Date "2011.08.06"]
[Round "9.122"]
[White "Borg,F"]
[Black "Jensen,Jonbert M. S."]
[Result "1-0"]
[WhiteElo "1851"]
[BlackElo "1595"]

1.d4 Nf6 2.Bg5 Ne4 3.Bh4 d5 4.f3 Nd6 5.Nc3 Nf5 6.Bf2 Nc6 7.Qd2 e6 8.O-O-O Qe7
9.e4 dxe4 10.fxe4 Nh4 11.g3 Ng6 12.Nf3 Bd7 13.h4 O-O-O 14.h5 Qf6 15.hxg6 Qxf3
16.gxf7 Bb4 17.Bd3 Rdf8 18.Qf4 Qxf4+ 19.gxf4 Rxf7 20.Be3 h6 21.Rhg1 Ne7 22.Ne2 Rg8
23.f5 exf5 24.Bc4 Rff8 25.Bxg8 Rxg8 26.e5 g5 27.c4 f4 28.Bf2 Ng6 29.a3 Be7
30.Nc3 Bf5 31.Nd5 Bd8 32.Rh1 Rh8 33.Rh5 Bg4 34.Rdh1 Bxh5 35.Rxh5 Kd7 36.Kd2 c6
37.Nc3 Ke6 38.Kd3 Ne7 39.Ke4 b6 40.d5+ cxd5+ 41.cxd5+ Kf7 42.e6+ Kg6 43.Rh1 Re8
44.d6 Nc8 45.Kd5 Bf6 46.Re1 Rd8 47.d7 Be7 48.Kc6 Nd6 49.Nd5 Nf5 50.Re5 Kg7
51.Nxe7 Nxe7+ 52.Kc7 Ra8 53.d8=Q Rxd8 54.Kxd8 Nc6+ 55.Kc7  1-0

[Event "8th Ostroda IM"]
[Site "Ostroda POL"]
[Date "2011.08.06"]
[Round "4.2"]
[White "Bednarek,S"]
[Black "Shkapenko,P"]
[Result "1/2-1/2"]
[WhiteElo "2333"]
[BlackElo "2413"]

1.d4 Nf6 2.Bg5 Ne4 3.h4 d5 4.Nd2 Bf5 5.Nxe4 Bxe4 6.Qd2 h6 7.Bf4 e6 8.O-O-O Nc6
9.f3 Bh7 10.e4 dxe4 11.Bc4 Nb4 12.a3 e3 13.Qxe3 Nd5 14.Qd2 Nxf4 15.Qxf4 Bd6
16.Qe3 c6 17.f4 Qc7 18.g3 O-O-O 19.b4 Bf5  1/2-1/2

[Event "FSFMB August"]
[Site "Budapest HUN"]
[Date "2011.08.07"]
[Round "2"]
[White "Breen,Anthony"]
[Black "Krstulovic,Alex"]
[Result "0-1"]
[WhiteElo "1663"]
[BlackElo "1597"]

1.d4 Nf6 2.Bg5 Ne4 3.Bf4 d5 4.f3 Nf6 5.c4 c6 6.Qc2 dxc4 7.Qxc4 Nd5 8.Bd2 Nb6
9.Qc2 Qxd4 10.Nc3 Qf6 11.e4 e5 12.O-O-O Be6 13.Nh3 Bxh3 14.gxh3 N8d7 15.Be2 Bc5
16.Kb1 O-O-O 17.Bc1 Rhe8 18.Rhf1 Qe7 19.a4 Nf8 20.a5 Nbd7 21.a6 b6 22.Qa4 Kc7
23.Bb5 cxb5 24.Nd5+ Kb8 25.Nxe7 bxa4 26.Nc6+ Kc7 27.Nxd8 Rxd8 28.Rd3 Bd4  0-1

[Event "7th Gazi-Heraklion Open"]
[Site "Heraklion GER"]
[Date "2011.08.09"]
[Round "5"]
[White "Gratseas,S"]
[Black "Sandalakis,N"]
[Result "1/2-1/2"]
[WhiteElo "2195"]
[BlackElo "1925"]

1.d4 Nf6 2.Bg5 Ne4 3.Bf4 c5 4.d5 Qb6 5.Bc1 d6 6.f3 Nf6 7.e4 g6 8.c4 Bg7 9.Nc3 O-O
10.Bd3 e6 11.Nge2 Nbd7 12.O-O exd5 13.exd5 Ne5 14.Ng3 Nxd3 15.Qxd3 Re8 16.a4 Bd7
17.a5 Qc7 18.Bf4 b5 19.axb6 axb6 20.Qd2 b5 21.cxb5 Rxa1 22.Rxa1 Rb8 23.Ra6 Ne8
24.Nge4 Bd4+ 25.Kh1 Bxb5 26.Rxd6 Ra8 27.h3  1/2-1/2

[Event "Olomouc FIDE Open"]
[Site "Olomouc CZE"]
[Date "2011.08.09"]
[Round "7.3"]
[White "Kireev,Al"]
[Black "Rojicek,V"]
[Result "1-0"]
[WhiteElo "2360"]
[BlackElo "2396"]

1.d4 Nf6 2.Bg5 Ne4 3.Be3 d5 4.Nd2 Nd6 5.Bf4 g6 6.Ngf3 Bg7 7.e3 O-O 8.Be2 Nd7
9.O-O c5 10.c3 a6 11.a4 Qb6 12.Qb3 Qxb3 13.Nxb3 c4 14.Nbd2 Nf6 15.Bxd6 exd6
16.b3 cxb3 17.Rfb1 Bf5 18.Rxb3 Rab8 19.a5 Rfc8 20.Raa3 Bf8 21.h3 h6 22.Ne1 Ne4
23.Nf1 Rc6 24.f3 Nf6 25.g4 Be6 26.Nd3 Rc7 27.Nf4 Re8 28.Bd3 Kg7 29.Kf2 Nd7
30.Rb2 Nb8 31.Rab3 Ree7 32.Bb1 Nc6 33.Ra3 Na7 34.Bd3 Nc6 35.Ke2 Re8 36.Kd2 Kf6
37.Ng3 Kg7 38.Bc2 Na7 39.Ra1 g5 40.Nd3 Rec8 41.Rb3 Nb5 42.Ne2 Be7 43.Nb4 Bd8
44.Bd3 Kf8 45.Bxb5 axb5 46.Nc2 Bd7 47.Na3 Ra8 48.Nxb5 Rc6 49.Na3 Bc8 50.Nc2 Rxa5
51.Rxa5 Bxa5 52.Rb5 b6 53.Nb4 Bxb4 54.Rxb4 Ba6 55.Ng3 Bc8 56.Rb1 Kg7 57.Rb5 Kf6
58.Rxd5 Be6 59.Rb5 Bc4 60.Rb1 b5 61.Ra1 Rb6 62.Ra8 Bd5 63.Re8 Ra6 64.Nh5+ Kg6
65.Rg8+ Kh7 66.Nf6+  1-0

[Event "MMK Krakow IM"]
[Site "Krakow POL"]
[Date "2011.08.10"]
[Round "6.4"]
[White "Druska,J"]
[Black "Barski,R"]
[Result "1-0"]
[WhiteElo "2332"]
[BlackElo "2313"]

1.d4 Nf6 2.Bg5 Ne4 3.Bf4 c5 4.d5 d6 5.f3 Nf6 6.Nc3 g6 7.e4 Bg7 8.Qd2 Nbd7
9.Bh6 Bxh6 10.Qxh6 a6 11.a4 Qa5 12.Ra3 Qb6 13.Ra2 Qc7 14.a5 b5 15.axb6 Nxb6
16.Be2 c4 17.Nh3 Bxh3 18.Qxh3 Qc5 19.Qh6 g5 20.h4 gxh4 21.Qxh4 a5 22.Qf2 Qb4
23.Qd4 Rg8 24.Kf2 a4 25.Rha1 Nfd7 26.b3 Nc5 27.Nxa4 Rb8 28.c3 Qxb3 29.Rb2 Nbxa4
30.Rxb3 cxb3 31.Bd1 Nb2 32.Be2 f6 33.Rb1 Nba4 34.Bd1 Kf7 35.Bxb3 Rgc8 36.Kg1 Rc7
37.Bc2 Ra8 38.e5 dxe5 39.Qh4 Ke8 40.Bf5 Rca7 41.Qxh7 Kd8 42.Qf7 Nd7 43.d6 exd6
44.Bxd7 Nc5 45.Qxf6+ Kxd7 46.Rb6 Ra1+ 47.Kh2  1-0

[Event "MMK Krakow IM"]
[Site "Krakow POL"]
[Date "2011.08.10"]
[Round "6.3"]
[White "Mikrut,D"]
[Black "Brzeski,M"]
[Result "1-0"]
[WhiteElo "2358"]
[BlackElo "2315"]

1.d4 Nf6 2.Bg5 Ne4 3.Bf4 c5 4.f3 Qa5+ 5.c3 Nf6 6.Nd2 cxd4 7.Nb3 Qb6 8.Qxd4 Nc6
9.Qxb6 axb6 10.Be3 b5 11.Nd4 Nxd4 12.Bxd4 d5 13.e4 dxe4 14.Bxf6 exf6 15.Bxb5+ Bd7
16.Bxd7+ Kxd7 17.fxe4 Ra4 18.O-O-O+ Kc7 19.Rd4 Rxa2 20.Kb1 Ra8 21.Nf3 Be7
22.Rhd1 Rhd8 23.Rxd8 Bxd8 24.Kc2 Be7 25.h3 h5 26.Kb3 g6 27.Nd4 Ra5 28.Kc4 Ra2
29.Kb3 Ra5 30.Kc4 Ra2 31.Rd2 Ra1 32.Nf3 Ra5 33.Nd4 Ra1 34.Nc2 Ra4+ 35.b4 Ra2
36.Kb3 Ra6 37.Ne3 Re6 38.Nd5+ Kc8 39.Rd4 Bd8 40.c4 Re5 41.c5 Rg5 42.Rd2 Re5
43.Nc3 Bc7 44.Rf2 Re6 45.Kc4 b6 46.Ra2 bxc5 47.bxc5 Kb7 48.Kb5 Re5 49.Rd2 f5
50.exf5 Rxf5 51.Nd5 Rf1 52.Rb2 Rc1 53.Nb4 Be5 54.Re2 f6 55.Nd3 Rb1+ 56.Kc4 Bc7
57.Re7 Rg1 58.Nb4 Rc1+ 59.Kb5 Rb1 60.Rg7 g5 61.Kc4 Rc1+ 62.Kd5 Rd1+ 63.Ke6 Re1+
64.Kxf6 Kc8 65.Nc6 Kb7 66.Nd4 Kc8 67.Rg8+ Kb7 68.Ne6 g4 69.Rg7 gxh3 70.Rxc7+ Kb8
71.gxh3 Rxe6+ 72.Kxe6 Kxc7 73.Kf6 Kc6 74.Kg5 Kxc5 75.Kxh5 Kd6 76.Kg6 Ke7
77.Kg7 Ke6 78.h4 Kf5 79.h5  1-0

[Event "XX TCh-MKD"]
[Site "Struga MKD"]
[Date "2011.08.10"]
[Round "3"]
[White "Pancevski,F"]
[Black "Stojcevski,Z"]
[Result "0-1"]
[WhiteElo "2410"]
[BlackElo "2352"]

1.d4 Nf6 2.Bg5 Ne4 3.Bf4 d5 4.e3 Bf5 5.f3 Nf6 6.c4 Bxb1 7.Rxb1 e6 8.Qb3 Qc8
9.cxd5 Nxd5 10.Bg3 Bb4+ 11.Kf2 Bd2 12.e4 Ne7 13.Qa4+ Qd7 14.Qxd7+ Kxd7 15.b4 a5
16.b5 a4 17.Bd3 Ba5 18.Ne2 Rc8 19.Rhc1 Kd8 20.Kf1 Nd7 21.Rc2 Ng6 22.h4 h5
23.Rc4 Bb6 24.f4 Ne7 25.Nc3 f5 26.Nxa4 Nf6 27.Re1 fxe4 28.Nxb6 cxb6 29.Rxc8+ Kxc8
30.Bxe4 Nxe4 31.Rxe4 Kd7 32.Re2 Ra4 33.Be1 Nf5 34.g3 Rxd4 35.Kg2 Rd5 36.Rb2 Nd6
37.a4 g6 38.Bf2 Rd3 39.Bxb6 Nc4 40.Ra2 Nxb6 41.a5 Nc8 42.a6 bxa6 43.bxa6 Na7
44.Rb2 Rc3 45.Rb7+ Rc7 46.Rb8 Nc8 47.Rb5 Rc2+ 48.Kf3 Rc3+ 49.Kg2 Ra3 50.g4 hxg4
51.h5 gxh5 52.Rxh5 Ne7 53.a7 Rxa7 54.Kg3 Ra1 55.Kxg4 Rg1+ 56.Kf3 Nf5 57.Rh7+ Kd6
58.Ra7 Rg3+ 59.Kf2 Rc3 60.Ra8 Kd5 61.Re8 Nd4 62.Kg2 Ke4  0-1

[Event "CECLUB Div2 Gp1"]
[Site "Padron ESP"]
[Date "2011.08.11"]
[Round "2"]
[White "Menendez Rey,J"]
[Black "Leiros Vila,A"]
[Result "1/2-1/2"]
[WhiteElo "2211"]
[BlackElo "2189"]

1.d4 Nf6 2.Bg5 Ne4 3.Bf4 c5 4.f3 Qa5+ 5.c3 Nf6 6.d5 e6 7.e4 Qb6 8.Qd2 d6
9.c4 e5 10.Be3 Be7 11.Nc3 a6 12.Bd3 Nbd7 13.Nge2 Nf8 14.O-O Ng6 15.a3 Qc7
16.Ng3 O-O 17.Nf5 Nh5 18.Ne2 Bf6 19.g3 Ne7 20.g4 Nxf5 21.exf5 Nf4 22.Nxf4 exf4
23.Bxf4 g6 24.Bh6 Re8 25.Rae1 Bd7 26.fxg6 hxg6 27.Qc2 Kh7 28.Bf4 b5 29.Qg2 bxc4
30.Bxc4 Bb5 31.b3 Bc3 32.Re4 Rxe4 33.fxe4 Re8 34.Qf3 Bg7 35.Bg3 Qe7 36.e5 Bxe5
37.Bxe5 Qxe5 38.Qxf7+ Kh8 39.Qf6+ Kh7 40.Qxe5 Rxe5 41.Rf6 Re4 42.Rxd6 Rxg4+
43.Kf2 Bxc4 44.bxc4 Rxc4 45.Rxa6 Rd4 46.d6 c4 47.Rc6 Kg7 48.Ke3 Rd3+ 49.Ke4 Kf6
50.d7+ Kf7 51.a4 Rxd7 52.Rxc4 Rd2 53.h4 Ke6 54.Rb4 Re2+ 55.Kf4 Rg2 56.a5 Ra2
57.Rb5 Kf6 58.Rb6+ Kg7 59.a6 Ra4+ 60.Kg3 Ra3+ 61.Kf2 Ra4 62.Rb7+ Kh6 63.a7 g5
64.hxg5+ Kxg5 65.Ke3 Kf5 66.Kd3 Ke5 67.Kc3 Kd5 68.Kb3 Kc6  1/2-1/2

[Event "Etapa Recife CBX"]
[Site "Recife BRA"]
[Date "2011.08.11"]
[Round "3"]
[White "Rodi,L"]
[Black "Perdomo,L"]
[Result "1/2-1/2"]
[WhiteElo "2416"]
[BlackElo "2384"]

1.d4 Nf6 2.Bg5 Ne4 3.Bf4 c5 4.f3 Qa5+ 5.c3 Nf6 6.Nd2 cxd4 7.Nb3 Qb6 8.Qxd4 Nc6
9.Qxb6 axb6 10.Nd4 Nxd4 11.cxd4 d5 12.e3 e6 13.Bb5+ Bd7 14.Bxd7+ Kxd7 15.Ne2 Bd6
16.Bxd6 Kxd6 17.Kd2 Rhc8 18.a3 Rc6 19.Rac1 Rac8  1/2-1/2

[Event "Schaakfestival Open A"]
[Site "Groningen NED"]
[Date "2011.08.12"]
[Round "4.13"]
[White "Aronov,I"]
[Black "Bok,B"]
[Result "0-1"]
[WhiteElo "2207"]
[BlackElo "2458"]

1.d4 Nf6 2.Bg5 Ne4 3.Bf4 d5 4.e3 c5 5.Bd3 Nf6 6.c3 Nc6 7.Nf3 Qb6 8.Qb3 c4
9.Qxb6 axb6 10.Bc2 e6 11.Nbd2 b5 12.O-O b4 13.Ne5 Nh5 14.Rfe1 Nxf4 15.exf4 Nxe5
16.dxe5 b5 17.Nf3 bxc3 18.bxc3 Ra3 19.Nd4 Rxc3 20.Re2 Bd7 21.Re3 Rxe3 22.fxe3 Bc5
23.Kf2 Ke7 24.Rd1 Ra8 25.Bb1 Ra3 26.Ke2 b4 27.Nc2 Ra8 28.g4 h5 29.g5 Ba4
30.Rc1 Bxc2 31.Rxc2 Ra3  0-1

[Event "Etapa Recife CBX"]
[Site "Recife BRA"]
[Date "2011.08.12"]
[Round "4"]
[White "Stamenkovic,Dr"]
[Black "Molina,Jo"]
[Result "1-0"]
[WhiteElo "2383"]
[BlackElo "2187"]

1.d4 Nf6 2.Bg5 Ne4 3.Bf4 Nc6 4.f3 g5 5.Bc1 Nd6 6.Bxg5 Rg8 7.Bh4 Nc4 8.c3 Ne3
9.Qd3 Nxg2+ 10.Bxg2 Rxg2 11.Bg3 e5 12.Kf1 Rxg3 13.hxg3 Qg5 14.Kf2 d5 15.Qe3 Qxe3+
16.Kxe3 exd4+ 17.Kd2 Bf5 18.Rh5 Be6 19.Nh3 dxc3+ 20.Nxc3 d4 21.Ne4 Bb4+ 22.Kd1 O-O-O
23.Nf4 d3 24.Nxe6 dxe2+ 25.Kxe2 fxe6 26.Rd1 Rh8 27.Rdh1 Nd4+ 28.Kf2 Rf8 29.f4 b6
30.Rxh7 e5 31.a3 Bd6 32.Nxd6+ cxd6 33.Rh8  1-0

[Event "4th Sabadell Open A"]
[Site "Sabadell ESP"]
[Date "2011.08.12"]
[Round "3"]
[White "Lorca Cortada,D"]
[Black "Camacho Collados,M"]
[Result "1/2-1/2"]
[WhiteElo "2049"]
[BlackElo "2404"]

1.d4 Nf6 2.Bg5 Ne4 3.Bf4 d5 4.Nd2 Nf6 5.e3 e6 6.Bd3 Bd6 7.Qf3 Nc6 8.Bb5 O-O
9.Bxc6 bxc6 10.Ne2 Re8 11.Bg5 e5 12.Bxf6 Qxf6 13.Qxf6 gxf6 14.O-O-O a5 15.Rhe1 a4
16.Ng3 Kf8 17.c3 e4 18.f3 f5 19.fxe4 Bxg3 20.hxg3 fxe4 21.Rh1 Kg7 22.Rdf1 Re6
23.Rf4 Rg6 24.Nf1 Be6 25.Rhh4 Rh8 26.b4 axb3 27.axb3 Bc8 28.Rf2 Ba6 29.Rhf4 Rf8
30.g4 Bc8 31.Nh2 Be6 32.Kb2 Rg8 33.Ka3 Kf8 34.Kb4 Ke7 35.c4 Rg5 36.Kc3 Ra8
37.Kb2 Rb8 38.Kc3 Ra8 39.Kb2 dxc4 40.bxc4 Rga5 41.Rc2 Ra2+ 42.Kc1 Ra1+ 43.Kd2 Rh1
44.Nf1 Rg1 45.Kc3 Kf8 46.Rcf2 Ra4 47.Nd2 Ra3+ 48.Nb3 Kg7 49.Kb4 Ra8 50.Rxe4 Rb1
51.Kc3 Ra4 52.Nd2 Rc1+ 53.Kb2 Rca1 54.Ref4 R1a2+ 55.Kb1 Ra1+ 56.Kb2 R1a2+
57.Kb1 Ra1+ 58.Kb2 R1a2+  1/2-1/2

[Event "e2e4 Int Masters D"]
[Site "Sunningdale ENG"]
[Date "2011.08.12"]
[Round "4"]
[White "Lock,G"]
[Black "Hegarty,S"]
[Result "1/2-1/2"]
[WhiteElo "2194"]
[BlackElo "2065"]

1.d4 Nf6 2.Bg5 Ne4 3.Bf4 c5 4.f3 Nf6 5.dxc5 Qa5+ 6.Qd2 Qxc5 7.Nc3 Nc6 8.e4 d6
9.O-O-O Be6 10.g4 Qa5 11.Kb1 Rc8 12.g5 Nd7 13.Nd5 Qa4 14.Nc3 Qa5 15.Nd5 Qa4
16.Nc3  1/2-1/2

[Event "10th Lichtenberger Sommer"]
[Site "Berlin GER"]
[Date "2011.08.14"]
[Round "3.63"]
[White "Kretzschmar,J"]
[Black "Koenig,Fr"]
[Result "1/2-1/2"]
[WhiteElo "1807"]
[BlackElo "1975"]

1.d4 Nf6 2.Bg5 Ne4 3.Bf4 c5 4.f3 Qa5+ 5.c3 Nf6 6.d5 d6 7.e4 Nbd7 8.Nd2 g6
9.Bd3 Bg7 10.Ne2 O-O 11.a4 a6 12.O-O Ne5 13.Nc4 Nxc4 14.Bxc4 Nd7 15.Nc1 f5
16.Nb3 Qd8 17.Nd2 h6 18.exf5 Rxf5 19.Bg3 Ne5 20.Re1 Nxc4 21.Nxc4 Rf7 22.a5 Bf5
23.Nb6 Rb8 24.Qd2 Qc7 25.Ra4 Rbf8 26.Re2 Qd8 27.Ra1 Qc7 28.Ra4 Qd8 29.Ra1  1/2-1/2

[Event "10th Lichtenberger Sommer"]
[Site "Berlin GER"]
[Date "2011.08.14"]
[Round "3.25"]
[White "Franzke,A"]
[Black "Niehaus,F"]
[Result "0-1"]
[WhiteElo "1981"]
[BlackElo "2190"]

1.d4 Nf6 2.Bg5 Ne4 3.Bf4 c5 4.f3 Nf6 5.dxc5 b6 6.cxb6 Qxb6 7.e4 Nc6 8.Nc3 e5
9.Bg3 Qxb2 10.Nge2 Bb4 11.Kd2 Na5 12.Qc1 Nc4+ 13.Kd3 Ba6 14.Qxb2 Nxb2+ 15.Ke3 Rc8
16.Rb1 Nc4+ 17.Kf2 Bc5+ 18.Ke1 Na3 19.Rb2 d6 20.Bf2 O-O 21.Bxc5 Rxc5 22.Rb3 Nxc2+
23.Kd2 Bxe2 24.Nxe2 Rfc8 25.g3 d5 26.Bh3 Rd8 27.Rc3 Rxc3 28.Kxc3 Ne3 29.Kd3 Nc4
30.Rc1 Nb6 31.exd5 Nbxd5 32.Rc8 Rxc8 33.Bxc8 Kf8 34.Bb7 Ke7 35.Kc4 Kd6 36.Kb5 Nc7+
37.Kc4 Nfd5 38.a4 Nb6+ 39.Kb3 a5 40.g4 Ne6 41.Nc3  0-1

[Event "50th World Juniors"]
[Site "Chennai IND"]
[Date "2011.08.14"]
[Round "12.33"]
[White "Soors,S"]
[Black "Rajesh,VA"]
[Result "0-1"]
[WhiteElo "2353"]
[BlackElo "2292"]

1.d4 Nf6 2.Bg5 Ne4 3.Bf4 d5 4.e3 e6 5.Bd3 Bd6 6.Qf3 f5 7.Bxe4 dxe4 8.Qg3 O-O
9.Ne2 Qe7 10.Nbc3 a6 11.h4 Nd7 12.Qg5 Nf6 13.Be5 b5 14.Nf4 Qf7 15.Bxf6 Qxf6
16.Qxf6 Rxf6 17.O-O-O Bb7 18.Nce2 Rc8 19.Rhg1 c5 20.g4 cxd4 21.g5 Rf7 22.exd4 Rfc7
23.Rd2 Bd5 24.Kb1 Bc4 25.g6 hxg6 26.Nxg6 Bxe2 27.Rxe2 Kf7 28.c3 Kf6 29.f3 exf3
30.Rf2 b4 31.cxb4 Rc4 32.a3 Rxd4 33.Rxf3 Rd2 34.Nf4 Bxf4 35.Rxf4 Rcc2 36.Rd4 Rxb2+
37.Kc1 Rxd4 38.Kxb2 Rxh4 39.Kb3 f4 40.Kc4 Rh5 41.a4 Rh2 42.Rb1 Rc2+ 43.Kd3 Rc6
44.b5 axb5 45.axb5 Rb6 46.Ke4 g5 47.Rb2 e5 48.Ra2 Rxb5 49.Ra6+ Ke7 50.Ra7+ Kd6
51.Ra6+ Kc5 52.Rg6 Rb2 53.Kxe5 Rg2 54.Rg8 f3 55.Rc8+ Kb6 56.Rf8 f2 57.Ke4 g4
58.Ke3 g3 59.Ke2 Rg1 60.Rf6+ Kc5 61.Rf5+ Kd4 62.Rf4+ Ke5 63.Rf8 Re1+ 64.Kd2 f1=Q
65.Re8+ Kd4 66.Rxe1 g2  0-1